000 00895cam a22002054a 4500
005 20250605164219.0
008 250528s ||||||||||||||||||||||||d
035 _a20579
020 _a571066240
040 _aGR-AtMCL
_bgre
_dGR-AtMCL
_eAACR2
245 1 _aA Grief Observed
250 _a1st
260 _bFaber And Faber,
_c1961
300 _a64
520 _aBegun after his wife's death from a long and painful illness the journal might itself have been an instrument of escape. But its honest dissection is the negation of self-pity. Honest it is; but too complex, intellectualized and indeed well-written to be artless in the sense of naive. Drawing firmly back from each conventional posture of the mourner, C. S. Lewis invites not sympathy but co-operation in his attempt to argue out a grief.
700 1 _aLewis C. S
_96548
942 _cBK
999 _c5670
_d5670